Sborník příspěvků z konference k připravované rekodifikaci občanského zákoníku z 30.11.-1.12.2005 /

Korporativní autor: Univerzita Palackého. Právnická fakulta
Další autoři: Malacka, Michal, 1973-
Jazyk: Čeština
Vydáno: Olomouc : Univerzita Palackého, 2006
Vydání: 1. vyd.
Témata:
Fyzický popis: 130 s. ; 21 cm
Knihy
Uloženo v:
LEADER 01589nam a2200433 a 4500
001 nkc20061654883
003 CZ PrNK
005 20061027113134.0
007 ta
008 060512s2006 xr f 100 0 cze
015 |a cnb001654883 
020 |a 80-244-1299-3  |q (brož.) :  |c neprodejné 
035 |a (OCoLC)85549106 
040 |a BOA001  |b cze  |d ABA001 
043 |a e-xr--- 
072 7 |a 347  |x Soukromé právo  |2 Konspekt  |9 16 
080 |a 347  |2 MRF 
080 |a 340.134  |2 MRF 
080 |a (437.3)  |2 MRF 
080 |a (062.534)  |2 MRF 
245 0 0 |a Sborník příspěvků z konference k připravované rekodifikaci občanského zákoníku z 30.11.-1.12.2005 /  |c Univerzita Palackého v Olomouci, Právnická fakulta ; Michal Malacka (ed.) 
250 |a 1. vyd. 
260 |a Olomouc :  |b Univerzita Palackého,  |c 2006 
300 |a 130 s. ;  |c 21 cm 
504 |a Obsahuje bibliografické odkazy 
650 0 7 |a občanské právo  |7 ph115540  |z Česko  |2 czenas 
650 0 7 |a kodifikace práva  |7 ph121691  |z Česko  |2 czenas 
650 0 9 |a civil law  |z Czechia  |2 eczenas 
650 0 9 |a codification of law  |z Czechia  |2 eczenas 
653 0 |a rekodifikace práva 
655 7 |a sborníky konferencí  |7 fd133333  |2 czenas 
655 9 |a proceedings of conferences  |2 eczenas 
700 1 |a Malacka, Michal,  |d 1973-  |7 mzk2003190639  |4 edt 
710 2 |a Univerzita Palackého.  |b Právnická fakulta  |7 kn20010709376 
910 2 |a BOA001  |b 2-1170.156 
990 |a BK 
995 |a 01 
991 |b 200606  |c NOV 
996 6 |b 2610282409  |c 2-1170.156  |l MZK  |r Sklad / do 1 hodiny  |n 1  |p p.v.  |w 000818646  |u 000010  |a 1  |e BOA001  |j MZK50  |s P